Simplicity, Inference and Modelling: Keeping it Sophisticatedly Simple. (Record no. 612790)

MARC details
000 -LEADER
fixed length control field 00592nam a2200181 a 4500
008 - FIXED-LENGTH DATA ELEMENTS--GENERAL INFORMATION
fixed length control field 260217s2026##################000#0#eng##
020 ## - INTERNATIONAL STANDARD BOOK NUMBER
ISBN 9780521803618
Paper back/Hardbound hbk
041 ## - LANGUAGE CODE
Language code of text/sound track or separate title Eng
082 04 - DEWEY DECIMAL CLASSIFICATION NUMBER
Classification number 330.015195 ZEL
100 ## - MAIN ENTRY--AUTHOR NAME
Personal name Zellener,Arnold
245 10 - TITLE STATEMENT
Title Simplicity, Inference and Modelling: Keeping it Sophisticatedly Simple.
Statement of responsibility, etc \edited by Arnold Zellner, Hugo A. Keuzenkamp and Michael McAleer.
250 ## - EDITION STATEMENT
Edition statement 1st ed
260 ## - PUBLICATION, DISTRIBUTION, ETC. (IMPRINT)
Place of publication United Kindom:
Name of publisher Cambridge University Press,
Year of publication 2001.
300 ## - PHYSICAL DESCRIPTION
Number of Pages ix,302p.
Dimensions 23cm
650 ## - SUBJECT ADDED ENTRY--TOPICAL TERM
Topical Term Economics
942 ## - ADDED ENTRY ELEMENTS (KOHA)
Koha item type English Books
Holdings
Withdrawn status Lost status Damaged status Not for loan Home library Current library Shelving location Date acquired Full call number Accession Number Price effective from Koha item type
        Anna Centenary Library Anna Centenary Library 4TH FLOOR, A WING 17.02.2026 330.015195 ZEL 197157 17.02.2026 English Books

Find us on the map